000 00481nam a2200181Ia 4500
999 _c29103
_d29103
003 OSt
005 20210106123250.0
008 190216s9999||||xx |||||||||||||| ||und||
020 _a9788171302178
040 _coclc
082 _a894.8128
_bANA/J
100 _aAnand
_96428
245 0 _aJaiva Manushyan /
_cAnand
260 _bDc Books,
_a Kottayam:
_c1991.
300 _a259p
650 _aPadanam
942 _cBK
_2ddc
_h894.8128
_iANA/J
_k894.8128
_mANA/J